Clubs ayant participé à la Premier League - Statistiques

Statistiques générales
  • Ce quiz a été pris 295 fois
    105 depuis la dernière actualisation
  • Le résultat moyen est 33 sur 51
Statistiques - réponses
Premier League % Correct
Manchester City
99%
Manchester United
99%
Arsenal
97%
Liverpool
97%
Chelsea
94%
Aston Villa
91%
Tottenham Hotspur
91%
Leicester City
88%
Everton
87%
Sunderland
87%
Wolverhampton Wanderers
87%
Brighton & Hove Albion
86%
Leeds United
86%
Newcastle United
86%
Burnley
85%
West Ham United
85%
Nottingham Forest
81%
Southampton
81%
Fulham
78%
Bournemouth
77%
Crystal Palace
76%
Norwich City
72%
Birmingham City
71%
Queens Park Rangers
71%
Swansea City
71%
Brentford
67%
Cardiff City
66%
Blackburn Rovers
64%
Ipswich Town
63%
Luton Town
63%
Sheffield United
63%
Hull City
62%
Portsmouth
56%
West Bromwich Albion
56%
Derby County
55%
Watford
51%
Bolton Wanderers
49%
Sheffield Wednesday
49%
Wigan Athletic
48%
Coventry City
47%
Huddersfield Town
47%
Stoke City
43%
Wimbledon
41%
Middlesbrough
37%
Charlton Athletic
33%
Reading
30%
Blackpool
29%
Barnsley
27%
Bradford City
21%
Oldham Athletic
9%
Swindon Town
9%
Aucun quiz correspondant
Distribution des résultats
% des personnes avec chaque résultat
Percentile par nombre de réponses
Votre historique - résultats
Vous n’avez pas pris ce quiz depuis la dernière actualisation